Voľný trh a demokracia nie je to isté
Časté názory v politických diskusiách - rozširovanie voľných trhov je zároveň aj rozširovaním demokracie. Extrémna ideológia. Názory ekonómov. Neoklasická ekonómia. "Očierňovanie" ľudských hodnôt. Problém hľadania a nájdenia zmyslu a jednoty života.
Saved in:
| Main Author: | |
|---|---|
| Format: | Book Chapter |
| Language: | Slovak |
| Subjects: | |
| Tags: |
No Tags, Be the first to tag this record!
|
MARC
| LEADER | 00000naa$a2200000$$$4500 | ||
|---|---|---|---|
| 001 | 0098206 | ||
| 005 | 20231016085951.8 | ||
| 041 | 0 | |a slo | |
| 044 | |a SK | ||
| 245 | 1 | 0 | |a Voľný trh a demokracia nie je to isté |c Alexander Sotník |
| 520 | |a Časté názory v politických diskusiách - rozširovanie voľných trhov je zároveň aj rozširovaním demokracie. Extrémna ideológia. Názory ekonómov. Neoklasická ekonómia. "Očierňovanie" ľudských hodnôt. Problém hľadania a nájdenia zmyslu a jednoty života. | ||
| 610 | 2 | 0 | |a trh voľný |
| 610 | 2 | 0 | |a demokracia |
| 610 | 2 | 0 | |a teórie ekonomické |
| 100 | 1 | |a Sotník, Alexander | |